| 000 | 00778nam a22001577a 4500 | ||
|---|---|---|---|
| 003 | OSt | ||
| 005 | 20151002142328.0 | ||
| 008 | 151002b xxu||||| |||| 00| 0 eng d | ||
| 040 | _cRUA | ||
| 082 | _aAVM HOU 1995 B068 Or.1 | ||
| 100 |
_91763 _aHOUR, VIRIYA. |
||
| 245 | _aThe potential for increasing chicken egg production in siem reap-an analusis of the present situation and how it cold be improved, សក្ដានុពលដើម្បីបង្កើតផលិតកម្មមាន់យកស៊ុតក្នុងខេត្តសៀមរៀប-វិភាគអំពីស្ថានភាពបច្ចុប្បន្ន និងរបៀបកែលំអ | ||
| 260 |
_aPhnom Pemh _bRUA _c1995 |
||
| 300 |
_a68p. _bill. _c29cm. |
||
| 942 |
_2ddc _cAVM |
||
| 999 |
_c1666 _d1666 |
||